[Event "Sommerschach 2022 Hobbyspieler"]
[Site "Dortmund"]
[Date "2022.07.11"]
[Round "5.10"]
[White "Allen, Sabrina"]
[Black "Wang, Yihua"]
[Result "1-0"]
[WhiteElo "773"]
[BlackElo "1200"]
[PlyCount "61"]
[EventDate "2022.07.??"]
[EventType "tourn"]
[EventRounds "7"]
[WhiteTeam "SV Erkenschwick"]
[BlackTeam "SC Hansa Dortmund"]

1. c4 d5 2. cxd5 Qxd5 3. Nc3 Qd8 4. e4 e5 5. Nf3 Bg4 6. Be2 Nd7 7. O-O Ngf6 8.
d4 Bxf3 9. Bxf3 exd4 10. Nb5 c5 11. Re1 a6 12. e5 Be7 13. Bg5 O-O 14. exf6 Nxf6
15. Bxb7 axb5 16. Bxa8 Qxa8 17. Rxe7 Re8 18. Bxf6 gxf6 19. Qg4+ Kf8 20. Rxf7+
Kxf7 21. Qh5+ Kf8 22. Qh6+ Kf7 23. Qxh7+ Kf8 24. h3 Qd8 25. Qh6+ Kf7 26. Qh5+
Kf8 27. Qxc5+ Re7 28. Re1 d3 29. Rd1 d2 30. Qb4 Ke8 31. Qxb5+ 1-0

[Event "Sommerschach 2022 Hobbyspieler"]
[Site "Dortmund"]
[Date "2022.07.11"]
[Round "5.11"]
[White "Groß, Josephine Hannah"]
[Black "Kasnatschenko, Ilayda"]
[Result "0-1"]
[WhiteElo "1200"]
[BlackElo "1200"]
[PlyCount "102"]
[EventDate "2022.07.??"]
[EventType "tourn"]
[EventRounds "7"]
[WhiteTeam "SV Erkenschwick"]
[BlackTeam "SV Waltrop"]

1. e4 e5 2. Nf3 Nc6 3. d4 d6 4. Bc4 Be7 5. h4 Nf6 6. Nc3 Bg4 7. d5 Nd4 8. Nb5
Nxf3+ 9. gxf3 Bd7 10. f4 Bc8 11. fxe5 dxe5 12. Be3 a6 13. Na7 Nxe4 14. Nxc8
Rxc8 15. Qg4 Nd6 16. Bc5 Bf6 17. Bxd6 cxd6 18. f4 Qc7 19. fxe5 Bxe5 20. h5 Qxc4
21. Qf3 Rc5 22. Rf1 Rf8 23. Rd1 Bxb2 24. Qe2+ Qxe2+ 25. Kxe2 Rxc2+ 26. Kd3 Rc1
27. Rfe1+ Kd7 28. Rxc1 Bxc1 29. Rxc1 g6 30. h6 f5 31. Rb1 Kc7 32. Re1 Kd7 33.
Rb1 b5 34. Rc1 f4 35. Rc6 f3 36. Rc2 g5 37. Ke3 g4 38. Kf2 a5 39. Kg3 Rf6 40.
Rb2 Ke7 41. Kxg4 f2 42. Rxf2 Rxf2 43. a3 b4 44. Kg3 Rf8 45. axb4 axb4 46. Kg4
b3 47. Kh5 Rg8 48. Kh4 b2 49. Kh3 b1=Q 50. Kh2 Qd1 51. Kh3 Qh5# 0-1

[Event "Sommerschach 2022 Vereinsspieler"]
[Site "Dortmund"]
[Date "2022.07.12"]
[Round "6.1"]
[White "Luft, Dennis"]
[Black "Morawietz, Manuel"]
[Result "1-0"]
[WhiteElo "2308"]
[BlackElo "1928"]
[PlyCount "69"]
[EventDate "2022.07.??"]
[EventType "tourn"]
[EventRounds "7"]
[WhiteTeam "SF Brackel"]
[BlackTeam "SV Unna"]

1. e4 c5 2. d3 Nc6 3. Be2 g6 4. f4 Bg7 5. Nf3 d6 6. c3 Nf6 7. O-O b5 8. e5 Nd5
9. d4 Qb6 10. dxc5 Qxc5+ 11. Kh1 dxe5 12. b4 Qd6 13. Bxb5 Bd7 14. fxe5 Nxe5 15.
Bxd7+ Nxd7 16. Qb3 O-O 17. Rd1 e6 18. Na3 N7b6 19. Bb2 Rac8 20. Rac1 Qf4 21.
Rc2 Nc4 22. Nxc4 Rxc4 23. Rd4 Rxd4 24. cxd4 Rd8 25. Qc4 Ne3 26. Qc7 Qxc7 27.
Rxc7 e5 28. dxe5 Nd1 29. Bd4 Bh6 30. Rxa7 Ne3 31. b5 Nf5 32. Bg1 Rd1 33. b6 Kg7
34. g4 Ne3 35. g5 1-0

[Event "Sommerschach 2022 Vereinsspieler"]
[Site "Dortmund"]
[Date "2022.07.12"]
[Round "6.2"]
[White "Arakelian, Aik"]
[Black "Huckebrink, Chris"]
[Result "1/2-1/2"]
[WhiteElo "2015"]
[BlackElo "2042"]
[PlyCount "48"]
[EventDate "2022.07.??"]
[EventType "tourn"]
[EventRounds "7"]
[WhiteTeam "SG Ennepe-Ruhr-Süd"]
[BlackTeam "SV Ahlen"]

1. e4 c5 2. Nf3 Nc6 3. d4 cxd4 4. Nxd4 g6 5. c4 Bg7 6. Be3 Nf6 7. Nc3 Ng4 8.
Qxg4 Nxd4 9. Qd1 e5 10. Bd3 O-O 11. O-O d6 12. Rc1 Be6 13. Qd2 Rc8 14. b3 a6
15. f4 exf4 16. Bxf4 b5 17. cxb5 axb5 18. Kh1 Qb6 19. Be3 Qb7 20. Bxd4 Bxd4 21.
Nxb5 Be5 22. Qe3 Rxc1 23. Rxc1 Ra8 24. Rc2 Rc8 1/2-1/2

[Event "Sommerschach 2022 Vereinsspieler"]
[Site "Dortmund"]
[Date "2022.07.12"]
[Round "6.3"]
[White "Kasapchuk, Oleksandr"]
[Black "Mann, Gergely"]
[Result "1/2-1/2"]
[WhiteElo "1581"]
[BlackElo "1653"]
[PlyCount "56"]
[EventDate "2022.07.??"]
[EventType "tourn"]
[EventRounds "7"]
[WhiteTeam "SF Brackel"]
[BlackTeam "SF Essen-Werden"]

1. e4 c5 2. Nf3 d6 3. d4 cxd4 4. Nxd4 Nf6 5. Nc3 a6 6. Bg5 e6 7. Be2 Be7 8. O-O
O-O 9. Kh1 Qc7 10. f4 h6 11. Bxf6 Bxf6 12. Rf3 b5 13. Qd2 Bb7 14. a3 Nc6 15.
Nxc6 Bxc6 16. Rd3 Rad8 17. Rd1 Qb7 18. Bf3 Bxc3 19. Qxc3 Bxe4 20. Rxd6 Rc8 21.
Bxe4 Qxe4 22. Qd3 Qxd3 23. cxd3 Rfd8 24. Rxd8+ Rxd8 25. Kg1 Rc8 26. Rd2 Kf8 27.
Kf2 Ke7 28. Ke3 Kd6 1/2-1/2

[Event "Sommerschach 2022 Vereinsspieler"]
[Site "Dortmund"]
[Date "2022.07.12"]
[Round "6.4"]
[White "Bungarten, Jona"]
[Black "Melmer, Felix"]
[Result "1-0"]
[WhiteElo "1843"]
[BlackElo "2031"]
[PlyCount "59"]
[EventDate "2022.07.??"]
[EventType "tourn"]
[EventRounds "7"]
[WhiteTeam "SF Brackel"]

1. e4 c5 2. d4 cxd4 3. c3 e6 4. Nf3 d5 5. exd5 exd5 6. Nxd4 Nf6 7. Be2 Be7 8.
O-O O-O 9. Be3 Nc6 10. Nd2 h6 11. h3 Re8 12. Re1 a6 13. N2f3 Ne4 14. Qb3 Na5
15. Qc2 Bf6 16. Rad1 Qc7 17. Bd3 Nc4 18. Bc1 Ned6 19. Rxe8+ Nxe8 20. Ne2 Be6
21. Nf4 Ne5 22. Qe2 Nxd3 23. Rxd3 Qc6 24. Be3 Nc7 25. Nd4 Qd7 26. Nh5 Be7 27.
Bxh6 gxh6 28. Rg3+ Kf8 29. Qe5 f6 30. Qxc7 1-0

[Event "Sommerschach 2022 Vereinsspieler"]
[Site "Dortmund"]
[Date "2022.07.12"]
[Round "6.5"]
[White "Kruse, Victor"]
[Black "Webner, Dennis"]
[Result "1/2-1/2"]
[WhiteElo "1733"]
[BlackElo "2136"]
[PlyCount "55"]
[EventDate "2022.07.??"]
[EventType "tourn"]
[EventRounds "7"]
[WhiteTeam "SK Köln-Südwest"]
[BlackTeam "TuS Varrel"]

1. d4 d5 2. c4 e6 3. Nf3 c6 4. e3 f5 5. Bd3 Nf6 6. O-O Bd6 7. b3 Qe7 8. Ne5
Nbd7 9. Bb2 O-O 10. Nd2 Ne4 11. f3 Ng5 12. Qc2 Rf6 13. h4 Nf7 14. f4 Rh6 15.
Ndf3 Nf6 16. a4 Bxe5 17. dxe5 Ng4 18. cxd5 Nxe3 19. d6 Qd8 20. Qc5 Nxf1 21.
Bxf1 Bd7 22. a5 Rg6 23. Kf2 h5 24. Bc4 Rh6 25. b4 Rh8 26. g3 Kh7 27. Qe3 Re8
28. Bd4 1/2-1/2

[Event "Sommerschach 2022 Vereinsspieler"]
[Site "Dortmund"]
[Date "2022.07.12"]
[Round "6.6"]
[White "Zelt, Jens"]
[Black "Kantor, Nikita"]
[Result "1-0"]
[WhiteElo "2073"]
[BlackElo "1870"]
[PlyCount "59"]
[EventDate "2022.07.??"]
[EventType "tourn"]
[EventRounds "7"]
[WhiteTeam "SC Hansa Dortmund"]
[BlackTeam "SC Wambel"]

1. d4 d5 2. Nf3 c5 3. c3 Nc6 4. g3 Nf6 5. Bg2 e6 6. O-O Be7 7. Nbd2 O-O 8. h3
cxd4 9. cxd4 b6 10. a3 Bb7 11. b4 Ne4 12. Bb2 f5 13. e3 Qe8 14. Ne5 Nxe5 15.
dxe5 a5 16. bxa5 Rxa5 17. Nf3 Qb5 18. Rb1 Qa6 19. Nd4 b5 20. Re1 Bxa3 21. Bxa3
Rxa3 22. Nxb5 Ra2 23. Re2 Bc6 24. Nd4 Nc3 25. Rxa2 Qxa2 26. Ra1 Qc4 27. Qe1 Bd7
28. Bf1 Qc7 29. Rc1 Rc8 30. Ba6 1-0

[Event "Sommerschach 2022 Vereinsspieler"]
[Site "Dortmund"]
[Date "2022.07.12"]
[Round "6.7"]
[White "Bilenko, Yaroslav"]
[Black "Dahlbeck, Mirko"]
[Result "1-0"]
[WhiteElo "1568"]
[BlackElo "2060"]
[PlyCount "67"]
[EventDate "2022.07.??"]
[EventType "tourn"]
[EventRounds "7"]
[WhiteTeam "SF Gerresheim"]
[BlackTeam "Sport Union Annen"]

1. e4 c5 2. Nf3 Nc6 3. Bb5 g6 4. Bxc6 dxc6 5. O-O Bg7 6. Re1 e5 7. d3 Qc7 8.
Be3 b6 9. c3 Nf6 10. Qc2 Ng4 11. Bg5 O-O 12. Nbd2 Ba6 13. Rad1 f6 14. Bh4 Rad8
15. Nf1 Rd7 16. h3 Nh6 17. Bg3 Nf7 18. d4 cxd4 19. cxd4 Bxf1 20. Rxf1 Re8 21.
b4 Qb7 22. dxe5 Nxe5 23. Nxe5 fxe5 24. Rxd7 Qxd7 25. Rd1 Qe7 26. Qxc6 Rd8 27.
Rxd8+ Qxd8 28. Qe6+ Kf8 29. Bxe5 Bxe5 30. Qxe5 Qd1+ 31. Kh2 Qe2 32. Qd6+ Ke8
33. e5 Qxa2 34. e6 1-0

[Event "Sommerschach 2022 Vereinsspieler"]
[Site "Dortmund"]
[Date "2022.07.12"]
[Round "6.8"]
[White "Werner, Patrick"]
[Black "Peters, Michael"]
[Result "0-1"]
[WhiteElo "1885"]
[BlackElo "1987"]
[PlyCount "112"]
[EventDate "2022.07.??"]
[EventType "tourn"]
[EventRounds "7"]
[WhiteTeam "SC Hansa Dortmund"]
[BlackTeam "Bochumer SV"]

1. Nf3 d5 2. g3 Bf5 3. Bg2 e6 4. c4 c6 5. O-O Be7 6. b3 Nf6 7. Bb2 O-O 8. d4
Nbd7 9. Nbd2 Ne4 10. Ne5 Nxd2 11. Qxd2 Nxe5 12. dxe5 Qb6 13. cxd5 cxd5 14. Qf4
h6 15. Bd4 Qa6 16. Qd2 Rac8 17. Rfc1 b6 18. Bf1 Qb7 19. e3 Rfd8 20. Rxc8 Rxc8
21. Rc1 Kf8 22. Rxc8+ Qxc8 23. Bd3 Bxd3 24. Qxd3 g6 25. Qc3 Qxc3 26. Bxc3 Ke8
27. Kf1 Kd7 28. Ke2 Kc6 29. Kd3 Ba3 30. g4 a5 31. h3 Kb5 32. Bd4 Bc5 33. Bc3 a4
34. Kc2 Bb4 35. Bd4 axb3+ 36. Kxb3 Be1 37. f3 Ka5 38. e4 dxe4 39. fxe4 b5 40.
Be3 h5 41. gxh5 gxh5 42. Bc5 Bh4 43. Bb4+ Kb6 44. a4 Bg3 45. axb5 Kxb5 46. Bd6
f6 47. Kc3 Bxe5+ 48. Bxe5 fxe5 49. Kb3 Kc5 50. Kc3 h4 51. Kd3 Kb4 52. Ke3 Kc3
53. Kf3 Kd3 54. Kg4 Kxe4 55. Kxh4 Kf4 56. Kh5 e4 0-1

[Event "Sommerschach 2022 Vereinsspieler"]
[Site "Dortmund"]
[Date "2022.07.12"]
[Round "6.9"]
[White "Jochmann, Christian"]
[Black "Atali, Dogukan"]
[Result "1/2-1/2"]
[WhiteElo "1995"]
[BlackElo "1811"]
[PlyCount "37"]
[EventDate "2022.07.??"]
[EventType "tourn"]
[EventRounds "7"]
[WhiteTeam "SC Doppelbauer Brambauer"]
[BlackTeam "SV Waltrop"]

1. e4 e6 2. d4 d5 3. Nd2 c5 4. exd5 Qxd5 5. Ngf3 cxd4 6. Bc4 Qd7 7. O-O Nc6 8.
Nb3 Nf6 9. Nbxd4 Nxd4 10. Nxd4 a6 11. c3 Bc5 12. Nb3 Bd6 13. Qe2 b5 14. Bd3 Qc7
15. h3 Bb7 16. Nd4 O-O 17. Bg5 Bf4 18. Bxf4 Qxf4 19. Rfe1 1/2-1/2

[Event "Sommerschach 2022 Vereinsspieler"]
[Site "Dortmund"]
[Date "2022.07.12"]
[Round "6.10"]
[White "Echargui, Amin"]
[Black "Tomasjan, Samuel"]
[Result "1/2-1/2"]
[WhiteElo "1751"]
[BlackElo "1741"]
[PlyCount "60"]
[EventDate "2022.07.??"]
[EventType "tourn"]
[EventRounds "7"]
[WhiteTeam "SG Mengede"]
[BlackTeam "SF Brackel"]

1. e4 e6 2. d4 d5 3. Nd2 dxe4 4. Nxe4 Nd7 5. Nf3 Ngf6 6. Nxf6+ Nxf6 7. Bd3 Be7
8. O-O O-O 9. Qe2 b6 10. Bg5 Bb7 11. Rad1 h6 12. Bxf6 Bxf6 13. Be4 Bxe4 14.
Qxe4 Qd6 15. Ne5 c5 16. Nc4 Qd5 17. Qxd5 exd5 18. Ne3 Bxd4 19. c3 Bxe3 20. fxe3
Rfe8 21. Rxd5 Rxe3 22. Rd7 f6 23. Rfd1 Rae8 24. Rxa7 Re1+ 25. Rxe1 Rxe1+ 26.
Kf2 Rc1 27. a4 Rc2+ 28. Kf3 Rxb2 29. a5 b5 30. Rb7 Rb3 1/2-1/2

[Event "Sommerschach 2022 Vereinsspieler"]
[Site "Dortmund"]
[Date "2022.07.12"]
[Round "6.11"]
[White "Krug, Michael"]
[Black "Schmidt, Ralph"]
[Result "1-0"]
[WhiteElo "1891"]
[BlackElo "1960"]
[PlyCount "73"]
[EventDate "2022.07.??"]
[EventType "tourn"]
[EventRounds "7"]
[WhiteTeam "SC Wambel"]
[BlackTeam "SV Bochum-Linden"]

1. e4 e5 2. Nc3 Bc5 3. g3 d6 4. Bg2 Nf6 5. h3 Be6 6. Nf3 h6 7. O-O Nc6 8. d3 a6
9. Kh2 g5 10. Ne1 Qd7 11. Nd5 Bxd5 12. exd5 Ne7 13. c4 O-O-O 14. Be3 Bd4 15.
Bxd4 exd4 16. b4 h5 17. Nc2 Nf5 18. Rb1 Rde8 19. b5 a5 20. b6 cxb6 21. Rxb6 Qc7
22. Rb2 Re5 23. Re1 Rhe8 24. Rxe5 Rxe5 25. Na3 g4 26. h4 Nd7 27. Nb5 Qc5 28.
Be4 Nf6 29. Bg2 Kb8 30. Qd2 Qb6 31. a4 Qd8 32. Rb1 Nd7 33. Be4 Qb6 34. Qf4 Ne7
35. Qxf7 Nc5 36. Qf8+ Nc8 37. Bf5 1-0

[Event "Sommerschach 2022 Vereinsspieler"]
[Site "Dortmund"]
[Date "2022.07.12"]
[Round "6.12"]
[White "Schulz, Dennis"]
[Black "Lin, Yi"]
[Result "1-0"]
[WhiteElo "1599"]
[BlackElo "1872"]
[PlyCount "109"]
[EventDate "2022.07.??"]
[EventType "tourn"]
[EventRounds "7"]
[WhiteTeam "SV Rochade Eving"]
[BlackTeam "SC Hansa Dortmund"]

1. e4 d6 2. d4 Nf6 3. Nc3 Nbd7 4. Nf3 e5 5. Rg1 c6 6. g4 h6 7. h4 exd4 8. Qxd4
Qb6 9. g5 hxg5 10. hxg5 Qxd4 11. Nxd4 Ng8 12. Bf4 Ne5 13. O-O-O Ne7 14. Bg3
N7g6 15. f4 Nd7 16. Nf5 d5 17. exd5 Nb6 18. Ne3 Bc5 19. Re1 O-O 20. Bd3 cxd5
21. f5 Bxe3+ 22. Rxe3 d4 23. Re2 dxc3 24. fxg6 cxb2+ 25. Kb1 fxg6 26. Bd6 Bf5
27. Bxf8 Bxd3 28. cxd3 Rxf8 29. Kxb2 Rf5 30. Re7 Rf2+ 31. Kb3 Rf3 32. Rd1 Rf5
33. a4 Rxg5 34. Rxb7 Ra5 35. Re1 Rd5 36. Rxa7 Rxd3+ 37. Kb4 Rf3 38. Kc5 Rf6 39.
Rb1 Nxa4+ 40. Rxa4 g5 41. Rg4 Rf5+ 42. Kd4 Kh7 43. Ke4 Ra5 44. Rb6 Ra4+ 45. Kf3
Ra3+ 46. Kg2 Ra5 47. Rgb4 g6 48. Kg3 Kh6 49. R6b5 Ra3+ 50. Rb3 Ra1 51. Kg4 Ra4+
52. R5b4 Ra5 53. Rh3+ Kg7 54. Rb7+ Kf6 55. Rf3+ 1-0

[Event "Sommerschach 2022 Vereinsspieler"]
[Site "Dortmund"]
[Date "2022.07.12"]
[Round "6.13"]
[White "Rauschenbusch, Udo"]
[Black "Krause, Dieter"]
[Result "0-1"]
[WhiteElo "1672"]
[BlackElo "2030"]
[PlyCount "74"]
[EventDate "2022.07.??"]
[EventType "tourn"]
[EventRounds "7"]
[WhiteTeam "FS Dortmund"]
[BlackTeam "SV Rochade Eving"]

1. Nf3 g6 2. g3 Bg7 3. Bg2 d5 4. d4 Nf6 5. c4 c6 6. O-O O-O 7. Nc3 dxc4 8. e4
b5 9. Bf4 b4 10. e5 Nd5 11. Nxd5 cxd5 12. Qd2 Qb6 13. Bh6 Nc6 14. Bxg7 Kxg7 15.
h4 h5 16. Rac1 Be6 17. Kh2 Rad8 18. Qe3 Bg4 19. Rfd1 f6 20. Rd2 Qc7 21. e6 Rd6
22. Qf4 Bxe6 23. Rxc4 dxc4 24. d5 Qc8 25. dxc6 Qxc6 26. Nd4 Qd7 27. Qe3 Bf7 28.
Bh3 Qd8 29. f4 e6 30. Nc6 Qd7 31. Nd4 Re8 32. f5 exf5 33. Qf2 Re5 34. Bg2 c3
35. bxc3 bxc3 36. Rd3 c2 37. Bc6 Qd8 0-1

[Event "Sommerschach 2022 Vereinsspieler"]
[Site "Dortmund"]
[Date "2022.07.12"]
[Round "6.14"]
[White "Poggemann, Alexander"]
[Black "Koch, Burkhard"]
[Result "1-0"]
[WhiteElo "1829"]
[BlackElo "1762"]
[PlyCount "53"]
[EventDate "2022.07.??"]
[EventType "tourn"]
[EventRounds "7"]
[WhiteTeam "SV Hemer"]
[BlackTeam "SG Wanne"]

1. e4 e6 2. d4 d5 3. exd5 exd5 4. Nf3 Nf6 5. Bd3 Bd6 6. Qe2+ Qe7 7. Qxe7+ Bxe7
8. Bf4 c6 9. O-O O-O 10. Re1 Re8 11. h3 h6 12. Nbd2 Be6 13. Re2 Nbd7 14. Rae1
Bf8 15. Ne5 Nxe5 16. Bxe5 Bd7 17. a3 Nh7 18. Nb3 f6 19. Bh2 Rxe2 20. Rxe2 Re8
21. Rxe8 Bxe8 22. Bb8 a6 23. Bf5 c5 24. dxc5 Bc6 25. Ba7 Ng5 26. Na5 Ne4 27.
Be6+ 1-0

[Event "Sommerschach 2022 Vereinsspieler"]
[Site "Dortmund"]
[Date "2022.07.12"]
[Round "6.16"]
[White "Ropel, Dennis"]
[Black "Orlowski, Wilfried"]
[Result "1-0"]
[WhiteElo "1725"]
[BlackElo "1544"]
[PlyCount "129"]
[EventDate "2022.07.??"]
[EventType "tourn"]
[EventRounds "7"]
[WhiteTeam "SG Mengede"]

1. d4 Nf6 2. Nf3 e6 3. Bf4 d5 4. e3 c5 5. c3 Bd6 6. Bg3 O-O 7. Bd3 b6 8. Nbd2
Ba6 9. Qe2 Bxd3 10. Qxd3 h6 11. Rd1 Qc7 12. O-O Bxg3 13. hxg3 Nbd7 14. e4 dxe4
15. Nxe4 Nxe4 16. Qxe4 Nf6 17. Qc2 Rac8 18. Rd2 Rfd8 19. Rfd1 Qc6 20. dxc5 Rxd2
21. Rxd2 Qxc5 22. Rd4 e5 23. Rd2 Re8 24. Re2 g6 25. Qd2 Kg7 26. Kf1 Re7 27. Qe3
Qxe3 28. Rxe3 Nd7 29. a3 f5 30. Nd4 Re8 31. Nb5 a5 32. Rd3 Nc5 33. Rd6 Re6 34.
b4 Rxd6 35. Nxd6 axb4 36. axb4 Nd7 37. Ke2 Kf6 38. Kd3 Ke6 39. Nb5 Nf6 40. c4
Ne4 41. Ke3 g5 42. g4 Nf6 43. gxf5+ Kxf5 44. f3 h5 45. Nd6+ Ke6 46. Ne4 Nh7 47.
Nc3 Nf6 48. Ne4 Nh7 49. c5 bxc5 50. Nxc5+ Kd5 51. Kd3 Nf8 52. Ne4 Ne6 53. Nf6+
Kc6 54. Nxh5 Kd6 55. Ke4 Nd4 56. Nf6 Nb5 57. Kf5 Nd4+ 58. Kxg5 Ne6+ 59. Kf5
Nd4+ 60. Ke4 Ke6 61. Ng4 Nf5 62. Nxe5 Ng3+ 63. Kf4 Nh5+ 64. Kg5 Nf6 65. Nd3 1-0

[Event "Sommerschach 2022 Vereinsspieler"]
[Site "Dortmund"]
[Date "2022.07.12"]
[Round "6.17"]
[White "Feldhammer, Oskar"]
[Black "Mücke, Lukas Benedikt"]
[Result "1/2-1/2"]
[WhiteElo "1718"]
[BlackElo "1463"]
[PlyCount "65"]
[EventDate "2022.07.??"]
[EventType "tourn"]
[EventRounds "7"]
[WhiteTeam "Bahn-SC Wuppertal"]
[BlackTeam "SV Waltrop"]

1. d4 d5 2. c4 c6 3. Nf3 Nf6 4. Nc3 e6 5. Bg5 Be7 6. cxd5 exd5 7. e3 Bg4 8. Be2
O-O 9. O-O Re8 10. Ne5 Bxe2 11. Qxe2 Nbd7 12. Nd3 Nf8 13. b4 Ne6 14. Bxf6 Bxf6
15. Qc2 Rc8 16. Qb3 b5 17. Rac1 a5 18. a3 a4 19. Qa2 Qd6 20. Nb1 Nc7 21. Nd2
Na8 22. Rc2 Nb6 23. Rfc1 Nc4 24. Nxc4 dxc4 25. Nc5 Qe7 26. Rd2 Rcd8 27. Rcd1
Bg5 28. g3 f5 29. d5 cxd5 30. Rxd5 Rxd5 31. Rxd5 Qf7 32. Rd7 Re7 33. Rd8+
1/2-1/2

[Event "Sommerschach 2022 Vereinsspieler"]
[Site "Dortmund"]
[Date "2022.07.12"]
[Round "6.19"]
[White "Payes, Marco"]
[Black "Shelukie, Magd"]
[Result "1-0"]
[WhiteElo "1630"]
[BlackElo "1637"]
[PlyCount "109"]
[EventDate "2022.07.??"]
[EventType "tourn"]
[EventRounds "7"]
[WhiteTeam "SK Holsterhausen"]
[BlackTeam "Bergische SF"]

1. d4 d5 2. Bf4 Nd7 3. e3 c5 4. c3 c4 5. Nf3 Ngf6 6. h3 Ne4 7. Be2 Ndf6 8. O-O
h6 9. Ne5 g5 10. Bh5 Nd6 11. Bh2 Bg7 12. Nd2 Bf5 13. f4 e6 14. Qa4+ b5 15. Qd1
Qc7 16. Nxf7 Nxh5 17. Nxd6+ Qxd6 18. Qxh5+ Kd7 19. fxg5 Qe7 20. Qf3 hxg5 21. e4
dxe4 22. Nxe4 Bxe4 23. Qxe4 Rab8 24. Bxb8 Rxb8 25. Rae1 b4 26. Rf5 bxc3 27.
bxc3 Bf6 28. Rc5 Qd6 29. Rxc4 Rb2 30. d5 Qxd5 31. Qh7+ Be7 32. Rd4 Rxg2+ 33.
Kf1 Qxd4 34. cxd4 Rxa2 35. Rxe6 Ra1+ 36. Re1 Rxe1+ 37. Kxe1 Kd6 38. Ke2 a5 39.
Kd3 a4 40. Qg6+ Kd7 41. d5 a3 42. Qc6+ Kd8 43. d6 Bf6 44. Qc7+ Ke8 45. d7+ Kf8
46. d8=Q+ Bxd8 47. Qxd8+ Kf7 48. Qxg5 a2 49. Qd5+ Kg6 50. Qxa2 Kf5 51. Kd4 Kf4
52. Qf2+ Kg5 53. Ke5 Kg6 54. Qf6+ Kh5 55. Qg7 1-0

[Event "Sommerschach 2022 Vereinsspieler"]
[Site "Dortmund"]
[Date "2022.07.12"]
[Round "6.20"]
[White "Feldhaus, Thomas"]
[Black "Scholtyßek, Normann"]
[Result "0-1"]
[WhiteElo "1690"]
[BlackElo "1540"]
[PlyCount "62"]
[EventDate "2022.07.??"]
[EventType "tourn"]
[EventRounds "7"]
[WhiteTeam "SV Recklinghausen-Süd"]

1. d4 Nf6 2. Nf3 g6 3. c4 Bg7 4. Nc3 O-O 5. e4 d6 6. Be2 Re8 7. O-O e5 8. d5 h6
9. b4 Nbd7 10. Be3 a5 11. a3 b6 12. Nb5 Nxe4 13. Qc2 f5 14. Nd2 Nxd2 15. Bxd2
e4 16. Bc3 Ne5 17. Rac1 axb4 18. axb4 Bb7 19. Ra1 Qe7 20. Rfd1 Kh7 21. c5 dxc5
22. d6 cxd6 23. Nxd6 Red8 24. bxc5 Rxa1 25. Rxa1 bxc5 26. Nxb7 Qxb7 27. Rb1 Qd5
28. Qa4 Ra8 29. Qb5 Ra2 30. Bf1 Rc2 31. Rd1 Qxd1 0-1

[Event "Sommerschach 2022 Vereinsspieler"]
[Site "Dortmund"]
[Date "2022.07.12"]
[Round "6.21"]
[White "Borch, Roland"]
[Black "Raskin, Vitali"]
[Result "0-1"]
[WhiteElo "1512"]
[BlackElo "1680"]
[PlyCount "44"]
[EventDate "2022.07.??"]
[EventType "tourn"]
[EventRounds "7"]
[WhiteTeam "SVG Marten-Bövinghausen"]

1. Nf3 Nc6 2. e4 e5 3. Bc4 Nf6 4. O-O Be7 5. c3 Nxe4 6. d3 Nf6 7. Re1 d6 8. b4
O-O 9. Nbd2 Bg4 10. Qb3 h6 11. a4 a6 12. Qa2 d5 13. b5 dxc4 14. bxc6 Bxf3 15.
Nxf3 cxd3 16. cxb7 Rb8 17. Nxe5 Qd6 18. Nc4 Qd7 19. Rb1 Bc5 20. Ne5 Rfe8 21.
Bxh6 Qe6 22. Bf4 Qxa2 0-1

[Event "Sommerschach 2022 Vereinsspieler"]
[Site "Dortmund"]
[Date "2022.07.12"]
[Round "6.22"]
[White "Abdo, Alan"]
[Black "Büdel, Jürgen"]
[Result "0-1"]
[WhiteElo "1641"]
[BlackElo "1768"]
[PlyCount "98"]
[EventDate "2022.07.??"]
[EventType "tourn"]
[EventRounds "7"]
[WhiteTeam "SC Listiger Bauer Essen"]
[BlackTeam "FS Dortmund"]

1. e4 Nc6 2. Nf3 d5 3. exd5 Qxd5 4. Nc3 Qa5 5. Be2 Bg4 6. O-O O-O-O 7. d3 e6 8.
Be3 Nf6 9. a3 Bd6 10. Ng5 Bxe2 11. Qxe2 Rd7 12. b4 Qe5 13. Nf3 Qxc3 14. Bd2 Nd4
15. Qe3 Nxf3+ 16. gxf3 Qe5 17. Qxe5 Bxe5 18. Rab1 g5 19. Rfe1 Bf4 20. Bc3 e5
21. Bxe5 Bxe5 22. Rxe5 Rd5 23. Re7 Rd7 24. Re5 Rg8 25. Kg2 h6 26. a4 Re8 27.
Rf5 Nd5 28. Kf1 c6 29. b5 Re6 30. a5 Nc3 31. bxc6 Rxc6 32. Re1 Nd5 33. Re8+ Kc7
34. c4 Nf4 35. d4 Rxc4 36. Re1 Rcxd4 37. Rc5+ Kd8 38. h4 f6 39. hxg5 fxg5 40.
Rce5 Rd1 41. Rf5 Rxe1+ 42. Kxe1 Rd5 43. Rf6 h5 44. Rf7 Kc8 45. Rf8+ Kc7 46.
Rf7+ Kc6 47. Rf6+ Rd6 48. Rf5 Rg6 49. Kd2 h4 0-1

[Event "Sommerschach 2022 Vereinsspieler"]
[Site "Dortmund"]
[Date "2022.07.12"]
[Round "6.23"]
[White "Allen, Phillipp"]
[Black "Seewald, Robin"]
[Result "1-0"]
[WhiteElo "1618"]
[BlackElo "1335"]
[PlyCount "105"]
[EventDate "2022.07.??"]
[EventType "tourn"]
[EventRounds "7"]
[WhiteTeam "SV Erkenschwick"]
[BlackTeam "SC Marsberg"]

1. e4 c5 2. Nf3 Nc6 3. Bb5 g6 4. Bxc6 bxc6 5. d3 Bg7 6. O-O e5 7. c4 Ne7 8. Nc3
d5 9. b3 O-O 10. Ba3 Re8 11. Bxc5 f5 12. Qc2 fxe4 13. dxe4 d4 14. Rad1 Bg4 15.
Ne2 Qc7 16. Ne1 Bxe2 17. Qxe2 Rad8 18. Nc2 Qa5 19. b4 Qxa2 20. Nxd4 Qxe2 21.
Nxe2 Nc8 22. Nc1 Nb6 23. Bxb6 axb6 24. Nb3 Kf7 25. f3 Bf8 26. b5 cxb5 27. cxb5
Bc5+ 28. Nxc5 bxc5 29. Rc1 Rc8 30. Rc4 Re7 31. Rfc1 Rec7 32. b6 Rc6 33. b7 Rb8
34. Rxc5 Rxc5 35. Rxc5 Rxb7 36. Rxe5 Kf6 37. Rd5 Re7 38. Kf2 h6 39. Ke3 g5 40.
g3 Re6 41. f4 gxf4+ 42. Kxf4 Kf7 43. e5 Kg6 44. Rd6 Kf7 45. Rxe6 Kxe6 46. Ke4
Ke7 47. Kf5 Kf7 48. e6+ Ke7 49. Ke5 h5 50. h3 Ke8 51. Kf6 Kf8 52. e7+ Ke8 53.
h4 1-0

[Event "Sommerschach 2022 Vereinsspieler"]
[Site "Dortmund"]
[Date "2022.07.12"]
[Round "6.24"]
[White "Grube, Jörg"]
[Black "Zabel, Reinhard"]
[Result "1-0"]
[WhiteElo "1815"]
[BlackElo "1435"]
[PlyCount "79"]
[EventDate "2022.07.??"]
[EventType "tourn"]
[EventRounds "7"]
[WhiteTeam "FS Dortmund"]
[BlackTeam "SC Doppelbauer Brambauer"]

1. e4 e5 2. Nf3 Nf6 3. Nc3 Nc6 4. a3 d5 5. exd5 Nxd5 6. Nxe5 Nxe5 7. Qe2 Nxc3
8. Qxe5+ Qe7 9. Qxe7+ Bxe7 10. dxc3 Bf5 11. Bb5+ c6 12. Bd3 Bg6 13. O-O O-O 14.
Bf4 Rad8 15. Rfd1 Bxd3 16. cxd3 Rd7 17. Rd2 Rfd8 18. Rad1 h6 19. d4 f5 20. Be3
g5 21. d5 c5 22. f3 f4 23. Bf2 b6 24. a4 Kf7 25. c4 Kf6 26. Re2 Rd6 27. g3 Kf7
28. gxf4 gxf4 29. Rxe7+ Kxe7 30. Bh4+ Kf7 31. Bxd8 Rxd8 32. Kf2 Rd6 33. Re1 Rf6
34. b3 a5 35. Re4 Kf8 36. Kg2 Kg7 37. Kh3 Kg6 38. Re6 Kf7 39. Rxf6+ Kxf6 40.
Kg4 1-0

[Event "Sommerschach 2022 Vereinsspieler"]
[Site "Dortmund"]
[Date "2022.07.12"]
[Round "6.25"]
[White "Klemm, Joachim"]
[Black "Foltin, Alica"]
[Result "0-1"]
[WhiteElo "1643"]
[BlackElo "1456"]
[PlyCount "46"]
[EventDate "2022.07.??"]
[EventType "tourn"]
[EventRounds "7"]
[WhiteTeam "SU Huckarde-Westerfilde"]
[BlackTeam "SV Waltrop"]

1. Nc3 d6 2. Nf3 Nf6 3. g3 e5 4. d3 Be7 5. Bg2 O-O 6. O-O c6 7. e4 Nbd7 8. Ne1
Re8 9. Kh1 Nf8 10. f4 Qc7 11. f5 Rd8 12. g4 b5 13. g5 Ne8 14. f6 gxf6 15. Qh5
Ng7 16. Qh6 f5 17. exf5 Bxf5 18. Nxb5 cxb5 19. Nf3 Rac8 20. Nh4 Be6 21. Be4 d5
22. Bxh7+ Nxh7 23. g6 fxg6 0-1